History and Culture of South East Asia : (Record no. 5164)

MARC details
000 -LEADER
fixed length control field 00549cam a2200193ua 4500
001 - CONTROL NUMBER
control field 6016
005 - DATE AND TIME OF LATEST TRANSACTION
control field 20260515113952.0
008 - FIXED-LENGTH DATA ELEMENTS--GENERAL INFORMATION
fixed length control field 131031n ii |||gr||||Z||||||eng
020 ## - INTERNATIONAL STANDARD BOOK NUMBER
International Standard Book Number 81 207 1650 5
040 ## - CATALOGING SOURCE
Transcribing agency MAIN
082 ## - DEWEY DECIMAL CLASSIFICATION NUMBER
Classification number 950
100 ## - MAIN ENTRY--PERSONAL NAME
Personal name Beri,Kailash K,
Relator term Author.
245 ## - TITLE STATEMENT
Title History and Culture of South East Asia :
Remainder of title Modern /
Statement of responsibility, etc. by Kailash K. Beri .
260 ## - PUBLICATION, DISTRIBUTION, ETC.
Place of publication, distribution, etc. New Delhi:
Name of publisher, distributor, etc. Sterling Publishers,
Date of publication, distribution, etc. 1994.
300 ## - PHYSICAL DESCRIPTION
Extent v,333p.
653 ## - INDEX TERM--UNCONTROLLED
Uncontrolled term History of Asia Far East
653 ## - INDEX TERM--UNCONTROLLED
Uncontrolled term History and Culture of South East Asia
942 ## - ADDED ENTRY ELEMENTS (KOHA)
Koha item type Books
Holdings
Withdrawn status Lost status Damaged status Not for loan Home library Current library Shelving location Date acquired Total checkouts Full call number Barcode Date last seen Copy number Price effective from Koha item type
        Naharkatiya College Library Naharkatiya College Library General stacks 09/19/2020   950 | BER 3777 09/19/2020 2 09/19/2020 Books
        Naharkatiya College Library Naharkatiya College Library General stacks 09/19/2020   950 | BER 3778 09/19/2020 1 09/19/2020 Books